00582nam a2200193Ia 450000500170000000800410001702000150005808200130007310000150008624500610010126000510016230000170021365000130023065000130024365000160025694200060027295200950027899900150037320240730014336.0240331s9999 xx 000 0 und d a0226557235 bMCDa294 aMcDaniel,J 4aThe madness of the saints :becstatic religion in Bengla aLondonbThe University of Chicago Pressc1989 axi, 335 p ., aReligion a Rituals aTraditional cL 001040708LaWERCLbWERCLcSSCd2024-03-31l0o 294 MCDp6534r2024-03-31w2024-03-31yL c3733d3733